00461nam a2200169Ia 450000500170000000800410001708200130005810000140007124500130008525000080009826000430010630000120014965000100016194200060017195200990017799900150027620250322124904.0240331s9999 xx 000 0 und d bREVa894 aRevathi,K 0aMulaigal a2nd aChennaibPanikuddam Pathipapagamc2003 a80 p ., apoems cL 001040708LaWERCLbWERCLcSSCd2024-03-31l0o 894.811 REVp1756r2024-03-31w2024-03-31yL c4778d4778